|
|
|
|
| LEADER |
01249nam a22003137a 4500 |
| 001 |
35558 |
| 003 |
BD-DhAAL |
| 005 |
20211205123246.0 |
| 008 |
191105t2004 cn a|||| b||| 001 0 eng d |
| 999 |
|
|
|c 41760
|d 41760
|
| 020 |
|
|
|a 9780176224813
|
| 020 |
|
|
|a 0176224815
|
| 040 |
|
|
|a BD-DhAAL
|
| 082 |
|
|
|a 362.712
|
| 100 |
|
|
|a Pimento, Barbara
|9 36785
|
| 245 |
|
|
|a Healthy foundations in early childhood settings /
|c Barbara Pimento and Deborah Kernested
|
| 250 |
|
|
|a Third edition
|
| 260 |
|
|
|a Toronto, Ont. :
|b Thomson, Nelson Education,
|c 2004
|
| 300 |
|
|
|a xx, 576 pages :
|b illustration ;
|c 24 cm.
|
| 504 |
|
|
|a Includes bibliographical references and indexes.
|
| 526 |
|
|
|a BIED
|
| 541 |
|
|
|a Complimentary copy from BIED
|e 35558
|
| 650 |
|
|
|a Day care centers
|x Health aspects
|z Canada
|v Textbooks
|9 36786
|
| 650 |
|
|
|a Children
|x Health and hygiene
|z Canada
|v Textbooks.
|9 36787
|
| 650 |
|
|
|a Social science
|9 36794
|
| 700 |
|
|
|a Kernested, Deborah
|9 36788
|
| 852 |
|
|
|a Ayesha Abed Library
|c BIED Collection
|
| 942 |
|
|
|2 ddc
|c BK
|
| 952 |
|
|
|0 0
|1 0
|2 ddc
|4 0
|6 362_712000000000000_PIM
|7 0
|9 67040
|a BRACUL
|b BRACUL
|c GEN
|d 2019-11-05
|e Complimentary copy from BIED
|l 0
|o 362.712 PIM
|p 3010035558
|r 2019-11-05
|t 1
|w 2019-11-05
|y BK
|x Transferred from BIED to General Stacks
|